| 000 | 01604cam a2200301 a 4500 | ||
|---|---|---|---|
| 003 | OSt | ||
| 005 | 20200708124832.0 | ||
| 008 | 040520s2003 ck ad r 000 0 spa d | ||
| 020 | _a9589228763 | ||
| 040 |
_aCO-BoPUJ _cCO-JMCR |
||
| 041 | 0 | _aspa | |
| 082 | 0 | 4 |
_a303.62 / _bH557i _219 |
| 100 | 1 |
_aHernández Delgado, Esperanza, _eautora _96855 |
|
| 245 | 1 | 0 |
_aInocencia silenciada... _bniñez afectada por el conflicto armado en Santander _cEsperanza Hernández Delgado ; asistente de investigación Mayerly Zulay Ruiz |
| 250 | _aPrimera edición | ||
| 260 |
_aBogotá : _bCódice, _c2003. |
||
| 300 |
_axiv, 170 páginas : _bilustraciones, tablas ; _c24 cm. |
||
| 504 | _aIncluye referencias bibliográficas páginas 167-170. | ||
| 505 | 0 | _aContexto histórico y principales características del Departamento de Santander -- Contexto de la violencia en Santander -- Niñez y conflicto armado en Santander -- Impacto del conflicto armado en los niños y las niñas desde sus propias voces | |
| 520 | 0 | _aDentro de los derechos de los niños y las niñas, se identifican, desde una perspectiva ética, humanitaria, político y jurídica, el ser protegidos de la violencia. Incumbe el estado, la sociedad y la familia el debe garantizar este derecho a la niñez. | |
| 521 | _aGeneral. | ||
| 650 | 1 | 4 |
_aConflicto armado _xAspectos sociales _zSantader (Colombia) _96856 |
| 650 | 2 | 4 |
_aNiños y violencia _zSantader (Colombia) _96857 |
| 650 | 2 | 4 |
_aNiños _xAspectos sociales _zSantader (Colombia) _96858 |
| 700 | 1 |
_aRuiz, Mayerly Zulay _96859 |
|
| 710 | 1 |
_aSantander (Colombia) _96860 |
|
| 942 |
_2ddc _cBK |
||
| 999 |
_c6749 _d6749 |
||